000 00358nam a2200145Ia 4500
008 220928s9999 xx 000 0 und d
020 _a9788177114164
082 _bVER
100 _aVERMA, SATISH
245 0 _aEK ADHURI KATHA AUR ANYA KAVITAYEN
260 _bSAHITYAGAR PUB. AND DIS., JAIPUR
_c2013
300 _a96
650 _aGeneral
942 _cBK
999 _c207781
_d207781